Fragmento de un Breve de Urbano VII dirigido al Rey Felipe de España acerca de la contribución de los eclesiásticos por concepto de diversos géneros comestibles

Detalles Bibliográficos
Formato: Libro
Publicado: s.l., s.f.
Colección:Banco de datos
Acervo:Biblioteca Palafoxiana. Colección de Manuscritos
Descripción Física:1 f. ; 20 x 30 cm.
LEADER 00440nam a22001210004500
035 |a 1256 
245 1 0 |a Fragmento de un Breve de Urbano VII dirigido al Rey Felipe de España acerca de la contribución de los eclesiásticos por concepto de diversos géneros comestibles 
260 |a s.l., s.f. 
300 |a 1 f. ; 20 x 30 cm. 
949 |a 32280/010 
942 |c PALAMANU 
943 |g Biblioteca Palafoxiana. Colección de Manuscritos 
999 |c 1069201  |d 1069201